000 00836nam a2200289 i 4500
001 C2-0096063
003 PPAK
005 20230816154623.0
008 970515t19831988my g | 0 may d
020 _a0195833155
_qpaperback
040 _aPPAK
_beng
_cPPAK
_erda
082 0 4 _223
_a398.22
090 0 0 _a398.22
_bPAW
_dG
090 2 0 _a398.22
_bPAW
_dR
090 2 0 _a398.22
_bPAW
_dKWS
100 0 _aPawang Ana,
_eauthor.
245 1 0 _aHikayat Malim Dewa /
_cPAWANG ANA, RAJA HAJI YAHYA
264 1 _aPetaling Jaya, Selangor :
_bFajar Bakti,
_c1988
264 4 _c©1983
300 _aviii, 131 pages ;
_c22 cm
336 _2rdacontent
_atext
337 _2rdamedia
_aunmediated
338 _2rdacarrier
_avolume
650 1 0 _aFolk literature, Malay
700 0 _aRaja Haji Yahya,
_eauthor.
942 _cB
_2ddc
999 _c20618
_d20618